000 00705nam a22002297a 4500
001 29919
003 UA-OsUOA
005 20220701232223.0
007 ta
008 20041101b un ||||| |||| 00| 0 ukr d
040 _aUA-OsUOA
_brus
_cUA-OsUOA
_dUA-OsUOA
041 _arus
044 _aRU
080 _a82.09
090 _a82.09
_bН19
245 _aНазывать вещи своими именами: програмнные выступления мастеров западо-европейской литературы ХХ века
_cред. Л. Г. Андреев
260 _aМосква
_bПрогресс
_c1986
300 _a640 с.
650 7 _2UDC
942 _cBK
_2udc
955 _a0
999 _c316319
_d316319